Losowe Miejscowości Polski, Litwy, Czech i Cypru po zdjęciach - Statystyki

Ogólne statystyki
  • Ten quiz został rozwiązany 17 razy
  • Średni wynik to 4 z 10
Statystyki odpowiedzi
Obrazkowy Odpowiedź % Poprawnych
Gdańsk
100%
Praga
100%
Warszawa
100%
Kraków
86%
Wilno
86%
Zakopane
67%
Sandomierz
60%
Toruń
60%
Częstochowa
50%
Jeruzal
50%
Hel
43%
Pafos
40%
Ogrodzieniec
38%
Gdynia
33%
Wałbrzych
20%
Kurozwęki
14%
Ardszpach
0%
Bałtów
0%
Czersk
0%
Giżycko
0%
Karłów
0%
Kudowa Zdrój
0%
Łeba
0%
Olecko
0%
Złoty Stok
0%
Nie znaleziono quizów pasujących do podanych kryteriów
Rozkład punktacji
Procent ludzi z każdym wynikiem
Percentyl według liczby udzielonych odpowiedzi
Twoja historia wyników
Nie rozwiązałeś tego quizu